| Tag |
First Indicator |
Second Indicator |
Subfields |
| LEADER |
00000cam a2200000 4500 |
| 001 |
in00000051825 |
| 005 |
20151007074030.0 |
| 008 |
751028s1962 ag 00000 spa |
| 010 |
|
|
|a 63050149
|
| 035 |
|
|
|a (OCoLC)01740759
|
| 035 |
|
|
|9 AAF0819AM
|
| 040 |
|
|
|a DLC
|c IYU
|d TXA
|d UtOrBLW
|
| 049 |
|
|
|a TXAS
|c [1700715]
|
| 050 |
0 |
0 |
|a PQ8519.R64
|b A17 1962
|
| 100 |
1 |
|
|a Rodríguez, Yamandú,
|d 1895-1957.
|
| 245 |
1 |
0 |
|a Poesias completas :
|b La cifra y Aires del campo.
|
| 264 |
|
1 |
|a Buenos Aires :
|b Editorial Caymi,
|c 1962.
|
| 300 |
|
|
|a 125 pages ;
|c 19 cm.
|
| 336 |
|
|
|a text
|b txt
|2 rdacontent
|
| 337 |
|
|
|a unmediated
|b n
|2 rdamedia
|
| 338 |
|
|
|a volume
|b nc
|2 rdacarrier
|
| 999 |
|
|
|a MARS
|
| 999 |
f |
f |
|s 047811d5-a8ba-3bb3-995b-33d6c72f552e
|i 6b6b2ef2-21c2-3140-b00c-54e4d2e3b917
|t 0
|
| 952 |
f |
f |
|p noncirc
|a Texas A&M University
|b College Station
|c Cushing Memorial Library & Archives
|d Cushing: Dykes (Does not check out)
|t 0
|e PQ8519.R64 A17 1962
|h Library of Congress classification
|i unmediated -- volume
|m A14851880097
|
| 998 |
f |
f |
|a PQ8519.R64 A17 1962
|t 0
|l Cushing: Dykes (Does not check out)
|